Laboratory experiments in microbiology / (رقم التسجيلة. 26786)

تفاصيل مارك
000 -الفاتح
حقل البيانات ثابتة الطول 01009cam a22003134a 4500
001 - رقم الضبط
رقم الضبط 15699670
003 - محدد رقم الضبط
رقم الضبط OSt
005 - وقت وتاريخ اخر تعامل مع التسجيلة
رقم الضبط 20150408114110.0
008 - عناصر البيانات ثابتة الطول - معلومات عامة
حقل البيانات ثابتة الطول 090414s2010 caua 001 0 eng
010 ## - رقم ضبط مكتبة الكونجرس
رقم ضبط مكتبة الكونجرس 2009419029
020 ## - الرقم الدولى المعيارى للكتب
الرقم الدولى المعيارى للكتاب 9780321560285
020 ## - الرقم الدولى المعيارى للكتب
الرقم الدولى المعيارى للكتاب 9780321799166
020 ## - الرقم الدولى المعيارى للكتب
الرقم الدولى المعيارى للكتاب 0321560280
040 ## - مصدر الفهرسة
وكالة الفهرسة الأصلية DLC
وكالة النسخ DLC
وكالة التعديل DLC
050 00 - رقم طلب مكتبة الكونجرس
رقم التصنيف QR63
رقم المادة .J65 2010
082 00 - رقم تصنيف ديوى العشرى
رقم التصنيف 579.078
رقم الطبعة 22
رقم المادة JTL
100 1# - المدخل الرئيسى - إسم شخصى
الإسم الشخصى Johnson, Ted R.,
التواريخ المصاحبة للاسم 1946-
9 (RLIN) 19455
245 10 - بيان العنوان
العنوان Laboratory experiments in microbiology /
بيان المسئوليه,etc Ted R. Johnson, Christine L. Case.
250 ## - بيان الطبعة
بيان الطبعة 9th ed.
260 ## - PUBLICATION, DISTRIBUTION, ETC. (IMPRINT)
مكان الناشر او الموزع San Francisco :
اسم الناشر او الموزع Benjamin/Cummings,
تاريخ النشر أو التوزيع c2010.
300 ## - الوصف المادى
التعداد 1 v. (various pagings) :
تفاصيل ماديه اخرى للوعاء ill (chiefly col.) ;
أبعاد الوعاء 28 cm.
500 ## - تبصرة عامة
تبصرة عامة Includes index.
500 ## - تبصرة عامة
تبصرة عامة Spiral bound.
650 #0 - المدخل الاضافى بالموضوع-مصطلح موضوعى
مصطلح موضوعي أو اسم جغرافي كعنصر مدخل Microbiology
التقسيم الفرعي الشكلي Laboratory manuals.
9 (RLIN) 6599
700 1# - المدخل الاضافى - اسم شخصى
الإسم الشخصى Case, Christine L.,
التواريخ المصاحبة للاسم 1948-
9 (RLIN) 19456
906 ## - عنصر بيانات محلى F, LDF (RLIN)
a 7
b cbc
c origcop
d 2
e ncip
f 20
g y-gencatlg
942 ## - عناصر المدخل الإضافي( كوها)
مصدر التصنيف او مخطط الترفيف Dewey Decimal Classification
Koha [default] item type DVD
المقتنيات
حالة الفقد نموذج السعر الفعال حالة تلف ليس للاعارة رقم الطلب تاريخ الاكتساب الموقع الحالي الباركود الفرع الرئيسي Date last seen نوع المادة فى نظام كوها مصدر التصنيف او خطة الترفيف Total Checkouts
  2013-03-10     579.078 JTL 2012-12-31 المكتبة المركزية بالمجمعة (CL) 00401225 المكتبة المركزية بالمجمعة (CL) 2013-03-10 كتاب Dewey Decimal Classification  
  2013-03-10     579.078 JTL 2013-01-01 المكتبة المركزية بالمجمعة (CL) 00401578 المكتبة المركزية بالمجمعة (CL) 2013-03-10 كتاب Dewey Decimal Classification  
  2013-03-10     579.078 JTL 2013-01-01 المكتبة المركزية بالمجمعة (CL) 00401579 المكتبة المركزية بالمجمعة (CL) 2013-03-10 كتاب Dewey Decimal Classification